| 000 | 00714cab a22001935a 4500 | ||
|---|---|---|---|
| 001 | L152527 | ||
| 008 | 110323e20110317xxk 000 0 eng d | ||
| 035 | _a(Sirsi) u152527 | ||
| 041 | 0 | _aeng | |
| 100 | 1 | _aGrewal, Gurbinder | |
| 245 | 0 | 0 | _aWhat exactly is the 'without prejudice' rule? |
| 260 | _c2011 | ||
| 490 |
_aConstruction News _v(7209) 17 March 2011, 42-43(2) |
||
| 520 | _aParties are more likely to agree to enter into negotiations with a view to settling their disputes in times of economic uncertainty; exceptions, settlements. | ||
| 590 | _aKA | ||
| 651 | 4 |
_aUnited Kingdom _y |
|
| 690 | _aMANAGEMENT-DISPUTE AVOIDANCE, MANAGEMENT AND RESOLUTION-DISPUTE MANAGEMENT AND RESOLUTION | ||
| 942 | _n0 | ||
| 999 |
_c82989 _d82989 |
||